000 00821nam a2200253Ia 4500
003 OSt
005 20221005105629.0
006 a|||||r|||| 00| 0
007 ta
008 221004b |||||||| |||| 00| 0 hin d
020 _a8155706880 (hbk)
_c450
024 _a96633
037 _b572, 23/03/2009, Vani Prakashan
_cTextual
040 _aCRL
_cCRL
_bhin
041 _2hin
_ahin
082 _aO152,6N52x, P5
100 _aउदयप्रकाश
245 0 _aईश्वर की आंख
246 _aĪshvar kī āankha
260 _aनई दिल्ली
_bवाणी प्रकाशन भारत
_c2005
300 _a401पृ0
_ccm.
942 _hO152,6N52x, P5
_cTEXL
_2cc
999 _c1016407
_d1016407